| 000 | 00816nam a2200253Ia 4500 | ||
|---|---|---|---|
| 008 | 191130s1996##################000#0#eng## | ||
| 020 | _a9781852789893 | ||
| 040 |
_aACL _cACL |
||
| 082 | _a382.09 IRW | ||
| 245 |
_aTrade in the pre-modern era, 1400-1700 _cedited by Douglas A. Irwin |
||
| 250 | _a1st ed | ||
| 260 |
_aAldershot, Hants, England ; Brookfield, Vt., USA _bE. Elgar _c1996 |
||
| 300 | _axv, 505 p. : ill. ; 25 cm. | ||
| 500 | _aIncludes bibliographical references and indexes | ||
| 650 | _aCommerce - History | ||
| 650 | _aEconomic history | ||
| 650 | _aInternational trade - History | ||
| 650 | _aMercantile system - History | ||
| 650 | _aTrading companies - History | ||
| 700 | _aIrwin, Douglas A | ||
| 990 | _a543509b9ac10000c2652363c097fd09b | ||
| 991 | _a299533 | ||
| 999 |
_c299106 _d299106 |
||